HACIA UNA CIENCIA DEL HOMBRE/

TRADUCCION DE: TOWARDS A SCIENCE OF MANKIND

Gespeichert in:
Bibliographische Detailangaben
1. Verfasser: Thompson, Laura (autor)
Format: Buch
Schlagworte:
Tags: Tag hinzufügen
Keine Tags, Fügen Sie das erste Tag hinzu!

MARC

LEADER 00000nam^a2200000^a^4500
001 000219904
005 20250521000000.0
009 20260310103830.936
035 |a 015101 
037 |a Acervo Xavier Clavigero 
082 |a 306. THO 
100 |a Thompson, Laura  |e (autor) 
245 1 0 |a HACIA UNA CIENCIA DEL HOMBRE/  |c LAURA THOMPSON; TR. SONIA TANCREDI 
264 |a MEXICO :  |b ROBLE,  |c 1965 
300 |a 315p. 
336 |a texto  |b txt  |2 rdacontenido 
337 |a sin mediación  |b n  |2 rdamedio 
338 |a volumen  |b nc  |2 rdasoporte 
520 |a TRADUCCION DE: TOWARDS A SCIENCE OF MANKIND 
520 |a BIBLIOGRAFIA: (P.277-300.) 
520 |a INDICES 
649 |a XX 
650 |a Antropología 
650 |a Cultura 
910 |a Fondo General 
920 |a Impresos - Libros 
930 |a Colección General 
905 |a 101 
901 |a 015101  |b IT1  |c ACC  |i 015101  |u 20250521 
902 |a https://opac.biblio.iteso.mx/vufind/Record/000219904